| 000 | 01502nam a22004097a 4500 | ||
|---|---|---|---|
| 003 | CHAP | ||
| 005 | 20220817042924.0 | ||
| 008 | 971013s1992 r 00010 d | ||
| 010 | _a59948 | ||
| 011 | _a60920 | ||
| 035 | _a65084 | ||
| 040 | _cCHAP | ||
| 082 |
_a338.10972 _bO7 |
||
| 100 | 0 | 0 |
_aOrozco Alvarado, Javier _ecoord. _983653 |
| 245 | _aModernización económica y reconversión agrícola en México | ||
| 260 |
_aGuadalajara, Jal. : _bUniversidad de Guadalajara, _c1992 |
||
| 300 | _a251 p. | ||
| 490 | _aColección fin de milenio | ||
| 590 |
_aBATCH-UPD _b10 _c20130110 _lUCH01 _h0706 |
||
| 590 |
_aBATCH-UPD _b10 _c20130410 _lUCH01 _h0351 |
||
| 590 |
_aBATCH-UPD _b10 _c20130914 _lUCH01 _h0145 |
||
| 590 |
_aBATCH-UPD _b10 _c20130914 _lUCH01 _h1853 |
||
| 590 |
_aCONVERSION _b10 _c20130109 _lUCH01 _h1332 |
||
| 650 | 1 | 4 |
_aAgricultura _xAspectos economicos _zMexico. _91312 |
| 650 | 1 | 4 |
_aAgricultura _xColima. _91367 |
| 650 | 1 | 4 |
_aAgricultura _xInnovaciones tecnológicas. _91565 |
| 650 | 1 | 4 |
_aAgricultura _xJalisco. _91714 |
| 650 | 1 | 4 |
_aAlimentos _xAbastecimiento _xMexico. _94132 |
| 650 | 1 | 4 |
_aPolítica agrícola _zMéxico. |
| 650 | 1 | 4 |
_aPolítica alimentaria _xMéxico. _990410 |
| 700 | 0 |
_aGonzález Pacheco, Cuauhtémoc _ecoord. _949256 |
|
| 830 | 0 |
_aColección fin de milenio _924862 |
|
| 901 | _aBK | ||
| 942 | _cLIBRO | ||
| 949 |
_a338.10972 O7 _bBC _cCONG _d-143932 _eCONG _fc.2 _gI. c/e _h90401 _i65084 _si _t38.00 |
||
| 949 |
_a338.10972 O7 _bBC _cLIBRO _d33724000083895 _eLIBRO _h90400 _i65084 _si |
||
| 999 |
_c59948 _d59948 |
||